Komunikačné nástroje v systéme riadenia podniku
Gespeichert in:
| 1. Verfasser: | |
|---|---|
| Körperschaft: | |
| Weitere Verfasser: | , |
| Format: | Buch |
| Sprache: | Slowakisch |
| Veröffentlicht: |
Bratislava
Vydavateľstvo EKONÓM
2008
|
| Schlagworte: | |
| Tags: |
Keine Tags, Fügen Sie das erste Tag hinzu!
|
MARC
| LEADER | 00000nam$a2200000$$$4500 | ||
|---|---|---|---|
| 001 | 0073444 | ||
| 005 | 20240502071854.7 | ||
| 020 | |a 978-80-225-2525-1 | ||
| 041 | 0 | |a slo | |
| 044 | |a SK | ||
| 245 | 1 | 0 | |a Komunikačné nástroje v systéme riadenia podniku |c Miroslava Szarková |
| 264 | 1 | |a Bratislava |b Vydavateľstvo EKONÓM |c 2008 | |
| 300 | |a 100 s. | ||
| 610 | 2 | 0 | |a riadenie podnikové |
| 610 | 2 | 0 | |a Slovensko |
| 610 | 2 | 0 | |a komunikácia |
| 610 | 2 | 0 | |a podnik |
| 100 | 1 | |a Szarková, Miroslava, 1951- | |
| 700 | 1 | |a Kollárik, Teodor | |
| 700 | 1 | |a Majtán, Miroslav | |
| 710 | 2 | |a Ekonomická univerzita v Bratislave. Fakulta podnikového manažmentu | |